| 000 | 00000nam##2200000za#4500 |
| 001 | 9.587622 |
| 003 | CaOODSP |
| 005 | 20210624194724 |
| 007 | cr ||||||||||| |
| 008 | 150406|2008||||xxc|||||o f|0| 0 fre|d |
| 022 | |a1701-1280 |
| 040 | |aCaOODSP|bfre |
| 041 | |aeng |
| 041 | |afre |
| 043 | |an-cn--- |
| 086 | 1 |aFs70-4/2008-009-PDF |
| 110 | 1 |aCanada. |bMinistère des pêches et des océans. |
| 245 | 10|aCompte rendu de la réunion du Processus consultatif scientifique de la Région des Maritimes au sujet de l'évaluation de l'aiguillat commun (Squalus acanthias) |h[ressource électronique] |
| 260 | |aOttawa - Ontario : |bPêches et Océans Canada |cJuin 2008. |
| 300 | |a24p.|bréférences, tableau |
| 490 | 1 |aSecrétariat canadien de consultation scientifique, série des comptes rendus |x1701-1280|v2008/009 |
| 500 | |a«Les 14 et 15 novembre 2007, Institut océanographique de Bedford, Dartmouth (Nouvelle-Écosse)». |
| 546 | |aEn anglais avec avant-propos et sommaire bilingues. |
| 590 | |a11-28-Supp|b2011-11-17 |
| 791 | |tProceedings of the Maritimes region science advisory process on the assessment of spiny dogfish (Squalus acanthias) |eeng|w(CaOODSP)9.587621 |
| 830 | #0|aCompte rendu (Secrétariat canadien de consultation scientifique)|x1701-1280|v2008/009|w(CaOODSP)9.500508 |
| 856 | 40|ahttp://publications.gc.ca|qPDF|s139 Ko|uhttps://publications.gc.ca/collections/collection_2011/mpo-dfo/Fs70-4-2008-009.pdf|y2008/009 |